000
00275nam a22001217a 4500
008
180208b xxu||||| |||| 00| 0 eng d
041
_a
eng
080
_a
91
100
_a
42
101
_a
GEO
245
_a
LABORATORY MANUAL PHYSICAL GEOGRAPHY
_c
TOM.L.M
942
_2
udc
_c
BK
999
_c
42196
_d
42196